Представление документа в формате RUSMARC

ПолеНазваниеЗначение
  Тип записи a
  Библиографический уровень a
001 Контрольный номер 13be44e9bff84bca8ba0e8b93c8bad44
005 Дата корректировки 20250115120632.2
100 Данные общей обработки __
a Данные общей обработки 20250115 ||| 0rusy0189 ca
101 Язык документа 0_
a Язык текста rus
102 Страна публикации __
a Страна публикации RU
200 Заглавие и сведения об ответственности 1_
a Заглавие Зима в движении
e Сведения, относящиеся к заглавию [о необычных видах зимнего спорта]
f Первые сведения об ответственности А. Калинина
461 Уровень набора _0
1 2000
a Маруся
463 Уровень физической единицы _0
1 2000
a № 12 (380)
v С. 24-26 : фот.
1 2101
d 2024
1 0018dae320e58bf4214abe8218c6d6448ad
606 Тематические рубрики 0_
a Основная рубрика Зимний спорт
610 Ключевые слова 0_
a Ключевые слова зимний спорт, виды спорта, виды зимнего спорта, фэтбайкинг, сноукаякинг, сноурафтинг, скиджоринг, ледолазание, подледный дайвинг, фанбоб, вучка, сноукайтинг
686 Индексы других классификаций __
a Классификационный индекс 75.719
700 Автор _1
a Фамилия Калинина
b Имя (инициалы) А.
g Полное личное имя Алина
801 Источник записи _0
a Страна RU
b Организация УОБДЮ
c Дата составления 20250115
g Правила каталогизации RCR
801 Источник записи _1
a Страна RU
b Организация УОБДЮ
c Дата составления 20250115
g Правила каталогизации RCR
901 Тип документа __
t Тип документа b
w Контрольный № источника 8dae320e58bf4214abe8218c6d6448ad
905 Данные по созданию БЗ __
b Логин пользователя, который создал БЗ ibo10